| 000 | 00460nam a2200169Ia 4500 | ||
|---|---|---|---|
| 008 | 230917s9999||||xx |||||||||||||| ||und|| | ||
| 020 | _cRS795 | ||
| 040 |
_e229486 _aMAIN |
||
| 041 | _aEnglish | ||
| 082 | _a330.9 I2I | ||
| 100 | _aShekhar, Shah, ed. | ||
| 245 | 0 | _aIndia policy forum 2012 - 13. V9 | |
| 260 |
_aLos Angles _bSage Publications _c2013 |
||
| 300 | _axxiii, 238 p. | ||
| 500 | _a2199 04/12/2015 HBD15/1451 13/01/2016 Main Budget | ||
| 942 | _cBK | ||
| 999 |
_c16792 _d16792 |
||